000 00509nam a2200193Ia 4500
005 20260120131917.0
008 008 260114s9999 xx 000 0 eng d
020 _a9781383003895
037 _aEBOOK
040 _aCRL
_beng
_cCRL
041 _aeng
_2eng
084 _qCRL
100 _aKay
_9932663
245 0 _aMelodious Tears
260 _bOxford University PressOxford University Press
_c2023
856 _uhttps://academic.oup.com/book/48694
942 _cEBOOK
999 _c1524586
_d1524586